000 00972nam a2200301 4500
001 71262
010 _a9789897025709
021 _aPT
_b472429/20
090 _a71262
100 _a20201021d2020 m y0pory50030103ba
101 0 _apor
102 _aPT
105 _aa z 000yy
106 _ar
200 1 _aCá dentro
_eo lugar da escola nos nossos miúdos
_fRui Correia
_gpref. Álvaro Laborinho Lúcio
210 9 _aLisboa
_cGuerra & Paz
_d2020
215 _a157, [3] p.
_cil.
675 _a371.2
_vBN
_zpor
675 _a37.01/.02
_vBN
_zpor
700 _915278
_aCorreia
_bRui
702 1 _928730
_aLúcio
_bLaborinho
_f1941-2025
_4080
801 0 _aPT
_bBN
_gRPC
942 _n0
_cMON